Countries mentioned in the Wikipedia Page of Brazil - Statistics

General Stats
  • This quiz has been taken 2,300 times
  • The average score is 25 of 34
Answer Stats
Frequency Country % Correct
8 United States
99%
2 Argentina
98%
100 Portugal
97%
10 France
96%
4 Spain
96%
9 United Kingdom
96%
4 Chile
95%
3 Uruguay
95%
1 Colombia
94%
5 Paraguay
94%
3 China
92%
2 Mexico
92%
2 Venezuela
92%
3 Bolivia
91%
8 Germany
90%
1 Peru
90%
1 Suriname
90%
1 Guyana
89%
1 Canada
88%
2 Russia
86%
2 Ecuador
85%
12 Italy
84%
3 Japan
84%
435 Brazil
79%
1 India
74%
2 Netherlands
59%
1 Poland
51%
1 Angola
39%
1 Ukraine
38%
2 Haiti
35%
1 Mozambique
29%
1 Vatican City
14%
1 East Timor
13%
1 Central African Republic
3%
No matching quizzes found
Score Distribution
Percent of People with Each Score
Percentile by Number Answered
Your Score History
You have not taken this quiz